Wird geladen...

The Primary school library and its services

Bibliographische Detailangaben
1. Verfasser: Bohl M
Format: Printed Book
Veröffentlicht: Delhi Universal Publication 1974
LEADER 00469nam a2200157 4500
020 |c Rs 
082 |a 027.8222 DOU/PRI;1 
100 |a Bohl M 
245 |a The Primary school library and its services  |c Bohl M 
250
260 |a Delhi  |b Universal Publication  |c 1974 
500
700
942 |c BK 
999 |c 206249  |d 206249 
952 |0 0  |1 0  |4 0  |6 027_822200000000000_DOU_PRI1  |7 0  |9 219598  |a DLS  |b DLS  |d 2019-11-05  |g 0.00  |l 0  |o 027.8222 DOU/PRI;1  |p DLS338  |r 2019-11-05  |w 2019-11-05  |y BK